00329nam a2200121Ia 4500008004100000041000800041082001500049100002100064245004500085260003600130300003400166365000700200240624s9999 xx 000 0 und d aeng a338.76 DUT aDUTTON WILLIAM H aTRANSFORMING ENTERPRISE THE ECONOMIC AND c2006aLondonbPearson Education axii : , : 534 : p. : cm. ; 22 cRS